• 首页
  • 本馆介绍
  • 公告通知
  • 最新文献
  • 馆藏检索
  • 电子资源
  • 读者导购
  • 参考咨询
  • 我的图书馆
  • 登录
  • 详细信息显示
  • 放入我的书架
  • 预约/预借图书
  • 作者相关作品
  • 分类相关作品
  • 丛书相关作品
  • 出版社相关作品

书目信息

  • 表格格式
  • 工作单格式
  • 卡片格式
题名:
转型期留守儿童问题研究
    
 
作者: 江立华 , 符平 著
分册:  
出版信息: 上海   上海三联书店  2013
页数: 280页
开本: 23cm
丛书名:
单 册:
中图分类: D669.5
科图分类:
主题词: 农村--Nong Cun--儿童--社会问题--研究--中国
电子资源:
ISBN: 978-7-5426-4132-8
000 01077nam0 22002531 450
001 349804
005 20161008162943.20
010    @a978-7-5426-4132-8@dCNY39.00
100    @a20130628d2013 em y0chiy50 ea
101 0  @achi
102    @aCN@b310000
105    @ay z 000yy
106    @ar
200 1  @a转型期留守儿童问题研究@AZhuai Xing Qi Liu Shou Er Tong Wen Ti Yan Jiu@f江立华,符平等著
210    @a上海@c上海三联书店@d2013
215    @a280页@d23cm
300    @a国家社科基金重大项目“城市流动人口服务管理问题研究”的阶段性成果
330    @a本书以农村中父母双方外出,主要由祖辈(特指祖父母)养育的留守儿童作为研究对象,基于对田野调查所获经验资料的分析,考察了家庭结构变迁对他们人格发展的影响,试图探索符合当下中国国情、适于这一特殊群体社会化的理想路径,以期能对留守儿童问题的解决对策、拓展儿童社会化理论的内涵提供一定的启发。
606 0  @a农村@ANong Cun@x儿童@x社会问题@x研究@y中国
690    @aD669.5@v5
701  0 @a江立华@AJiang Li Hua@f(1965~)@4著
701  0 @a符平@AFu Ping@f(1982~)@4著
801  0 @aCN@bTANGWEI@20160802
905    @b0886845-9@dD669.5@e159@f5
    
    转型期留守儿童问题研究/江立华,符平等著.-上海:上海三联书店,2013
    280页;23cm
    国家社科基金重大项目“城市流动人口服务管理问题研究”的阶段性成果
    
    ISBN 978-7-5426-4132-8:CNY39.00
    本书以农村中父母双方外出,主要由祖辈(特指祖父母)养育的留守儿童作为研究对象,基于对田野调查所获经验资料的分析,考察了家庭结构变迁对他们人格发展的影响,试图探索符合当下中国国情、适于这一特殊群体社会化的理想路径,以期能对留守儿童问题的解决对策、拓展儿童社会化理论的内涵提供一定的启发。
●
相关链接 在E读中查询图书 在五车中查询图书 在当当中查询图书 在豆瓣中查询图书


正题名:转型期留守儿童问题研究     索取号:D669.5/159         预约/预借

序号 登录号 条形码 馆藏地/架位号 状态 备注
1 0886845   208868457   第一样本阅览室/ [索取号:D669.5/159] 在馆    
2 0886846   208868466   第一借阅区/ [索取号:D669.5/159] 在馆    
3 0886847   208868475   第一借阅区/ [索取号:D669.5/159] 在馆    
4 0886848   208868484   第一借阅区/ [索取号:D669.5/159] 在馆    
5 0886849   208868493   密集书库-史法系/ [索取号:D669.5/159] 在馆    
唐山师范学院图书馆 欢迎您!
大连网信软件有限公司© 版权所有